Design the future (Record no. 63839)

MARC details
000 -LEADER
fixed length control field 00934cam a2200277 4500
001 - CONTROL NUMBER
control field ABS62405
008 - FIXED-LENGTH DATA ELEMENTS--GENERAL INFORMATION
fixed length control field 000000n2000 000 0 eng u
035 ## - SYSTEM CONTROL NUMBER
System control number (Sirsi) u106614
100 ## - MAIN ENTRY--PERSONAL NAME
Personal name Demetri, G.
245 ## - TITLE STATEMENT
Title Design the future
260 ## - PUBLICATION, DISTRIBUTION, ETC.
Date of publication, distribution, etc. 2000
490 ## - SERIES STATEMENT
Series statement Contract Journal
Volume/sequential designation 404(6281) 14 June 2000, 16-29(10)
520 ## - SUMMARY, ETC.
Summary, etc. A series of articles which discuss cost cutting in construction by means of more efficient procurement methods, supply chain management, and the importance of maintenance considerations in the design process.
590 ## - LOCAL NOTE (RLIN)
Local note ABS
650 ## - SUBJECT ADDED ENTRY--TOPICAL TERM
Topical term or geographic name entry element DESIGN PROCESS
650 ## - SUBJECT ADDED ENTRY--TOPICAL TERM
Topical term or geographic name entry element PROCUREMENT METHODS
650 ## - SUBJECT ADDED ENTRY--TOPICAL TERM
Topical term or geographic name entry element PRIME CONTRACTING
650 ## - SUBJECT ADDED ENTRY--TOPICAL TERM
Topical term or geographic name entry element SUPPLY CHAIN MANAGEMENT
650 ## - SUBJECT ADDED ENTRY--TOPICAL TERM
Topical term or geographic name entry element COMMISSION FOR ARCHITECTURE AND THE BUILT ENVIRONMENT
650 ## - SUBJECT ADDED ENTRY--TOPICAL TERM
Topical term or geographic name entry element DESIGN QUALITY
690 ## - LOCAL SUBJECT ADDED ENTRY--TOPICAL TERM (OCLC, RLIN)
Topical term or geographic name as entry element BUILT ENVIRONMENT
700 ## - ADDED ENTRY--PERSONAL NAME
Personal name Nunn, D.
700 ## - ADDED ENTRY--PERSONAL NAME
Personal name Faulkner, G.
700 ## - ADDED ENTRY--PERSONAL NAME
Personal name Atkinson, J.
942 ## - ADDED ENTRY ELEMENTS (KOHA)
Suppress in OPAC 0
Holdings
Withdrawn status Lost status Source of classification or shelving scheme Damaged status Not for loan Home library Current library Shelving location Date acquired Total Checkouts Full call number Barcode Date last seen Copy number Price effective from Koha item type
    Dewey Decimal Classification     London London Journal article 21/06/2000   ABS62405 106614-1001 06/08/2019 1 06/08/2019 Journal article